000
00268nam a22001337a 4500
020
_a
9781849730327
041
_a
ENG
100
_a
Halford .N.G
245
_a
Energy Crops
260
_a
Uk
_b
RSC Pub
_c
2011
300
_a
425
650
_a
EOES
856
_u
EOES ( 11 )
999
_c
1124
_d
1124